Women in politics / (Record no. 5540)

MARC details
000 -LEADER
fixed length control field 00662nam a2200181 4500
001 - CONTROL NUMBER
control field 6587
090 00 - LOCALLY ASSIGNED LC-TYPE CALL NUMBER (OCLC); LOCAL CALL NUMBER (RLIN)
Classification number (OCLC) (R) ; Classification number, CALL (RLIN) (NR) POL.SCI CAP No.70
245 00 - TITLE STATEMENT
Title Women in politics /
Remainder of title
Statement of responsibility, etc. Nima Norbu.
Medium
260 00 - PUBLICATION, DISTRIBUTION, ETC.
Place of publication, distribution, etc. [Thimphu] :
Name of publisher, distributor, etc. [Royal Thimphu College],
Date of publication, distribution, etc. 2017.
300 00 - PHYSICAL DESCRIPTION
Extent 24 leaves ; 30 cm.
504 ## - BIBLIOGRAPHY, ETC. NOTE
Bibliography, etc. note Includes Bibliography and References.
520 ## - SUMMARY, ETC.
Summary, etc. Spiral-bound xerographic copy.
Summary, etc. Student research project for BA, Political Science(Capstone Project):(2017).
650 ## - SUBJECT ADDED ENTRY--TOPICAL TERM
Topical term or geographic name entry element Women -- Political activity -- Bhutan.
Form subdivision
General subdivision
Chronological subdivision
Geographic subdivision
Source of heading or term
Topical term or geographic name entry element Women in leadership -- Bhutan.
Form subdivision
General subdivision
Chronological subdivision
Geographic subdivision
Source of heading or term
Topical term or geographic name entry element Women politicians -- Bhutan.
Form subdivision
General subdivision
Chronological subdivision
Geographic subdivision
Source of heading or term
Topical term or geographic name entry element Capstone Project.
General subdivision
Holdings
Withdrawn status Lost status Damaged status Not for loan Collection code Home library Current library Shelving location Date acquired Serial Enumeration / chronology Inventory number Total Checkouts Full call number Barcode Date last seen Date last checked out Price effective from Koha item type
        Student work RTC Library RTC Library Student work 27/11/2018 10364 1 POL SCI CAP No. 70STUDENT WORK 30011166 18/06/2019 30/05/2019 27/11/2018 Student Work
Royal Thimphu College || All Right Reserved